Retail warehouse out-performance a thing of the past (Record no. 80636)
[ view plain ]
| 000 -LEADER | |
|---|---|
| fixed length control field | 01060cab a22001815a 4500 |
| 001 - CONTROL NUMBER | |
| control field | L144909 |
| 008 - FIXED-LENGTH DATA ELEMENTS--GENERAL INFORMATION | |
| fixed length control field | 080819s2008 xxkd f s 000 0 eng d |
| 035 ## - SYSTEM CONTROL NUMBER | |
| System control number | (Sirsi) u144909 |
| 041 0# - LANGUAGE CODE | |
| Language code of text/sound track or separate title | eng |
| 100 1# - MAIN ENTRY--PERSONAL NAME | |
| Personal name | Morley, Stuart |
| 245 00 - TITLE STATEMENT | |
| Title | Retail warehouse out-performance a thing of the past |
| 260 ## - PUBLICATION, DISTRIBUTION, ETC. | |
| Date of publication, distribution, etc. | 2008 |
| 490 ## - SERIES STATEMENT | |
| Series statement | Property Forecast |
| Volume/sequential designation | 11(6) June 2008, 10-11(2) |
| 520 ## - SUMMARY, ETC. | |
| Summary, etc. | Article looks at the historical performance of retail warehouse rentals and suggests that the trend of impressive growth is due to come to an end. Suggests that a significant fall in retail sales as a result of recession will see a considerable fall in retail rental growth during the period 2008-2011. Quotes the IPD All Property Index showing a yield of -9.7% for retail warehouses and considers that the market may be reaching a bottom shortly. Posits a retail return of around 5% for 2009, with a limited fall in capital values and minimal rent growth. |
| 651 #4 - SUBJECT ADDED ENTRY--GEOGRAPHIC NAME | |
| Geographic name | United Kingdom |
| Chronological subdivision | |
| 690 ## - LOCAL SUBJECT ADDED ENTRY--TOPICAL TERM (OCLC, RLIN) | |
| Topical term or geographic name as entry element | PROPERTY-INDUSTRIAL PROPERTY-DISTRIBUTION CENTRE PROPERTY |
| 942 ## - ADDED ENTRY ELEMENTS (KOHA) | |
| Suppress in OPAC | 0 |
| Withdrawn status | Lost status | Source of classification or shelving scheme | Damaged status | Not for loan | Home library | Current library | Shelving location | Date acquired | Total Checkouts | Full call number | Barcode | Date last seen | Copy number | Price effective from | Koha item type |
|---|---|---|---|---|---|---|---|---|---|---|---|---|---|---|---|
| Dewey Decimal Classification | London | London | Journal article | 19/08/2008 | L144909 | 144909-1001 | 06/08/2019 | 1 | 06/08/2019 | Journal article |